|
|
|
|
| LEADER |
00000ckm a2200000 a 4500 |
| 001 |
vtls001492443 |
| 003 |
SK-MaSNL |
| 005 |
20260331204223.0 |
| 007 |
kj ccu |
| 008 |
230706s2004 xo a r kuslo |
| 015 |
|
|
|a SNBG2005/04-01146
|
| 020 |
|
|
|a 8089147267
|q (viazané)
|
| 035 |
|
|
|a urn:nbn:sk:snk-km00g3o4
|
| 035 |
|
|
|a urn:nbn:sk:snk-am3iyfa
|
| 035 |
|
|
|a 7F407FDA-73DD-4434-BE1E-92EFD8992410
|
| 040 |
|
|
|a SNK
|b slo
|c SNK
|e AACR2
|
| 041 |
1 |
|
|a slo
|h und
|
| 072 |
|
7 |
|a 821-93
|x Literatúra pre deti a mládež (beletria)
|2 konspekt
|
| 080 |
|
|
|a 82-93-053.4/.5
|2 2011
|
| 080 |
|
|
|a (0.025.2)
|2 2011
|
| 080 |
|
|
|a 821-34
|2 2011
|
| 100 |
1 |
|
|a Busquets, Carlos
|4 ill
|9 41060
|
| 245 |
1 |
0 |
|a Chlapček Palček
|h grafika
|c [ilustroval Carlos Busquets ; text Harald Scheel ; prerozprávala Anna Ostrihoňová]
|
| 250 |
|
|
|a 1. vyd.
|
| 260 |
|
|
|a Bratislava
|b Matys
|c 2004
|
| 300 |
|
|
|a 8 nečíslovaných strán
|b ilustrácie
|c 21 x 25 cm
|
| 490 |
1 |
|
|a Otvor sa, rozprávka
|
| 500 |
|
|
|a Kartonové listy
|
| 500 |
|
|
|a Názov z obálky
|
| 655 |
|
7 |
|a rozprávky
|2 SNKPH
|9 70597
|
| 655 |
|
7 |
|a leporelá
|2 SNKPH
|9 60414
|
| 655 |
|
7 |
|a literatúra pre deti
|2 SNNKPH
|9 87135
|
| 700 |
1 |
|
|a Scheel, Harald
|4 aut
|9 305144
|
| 700 |
1 |
|
|a Ostrihoňová, Anna
|4 trl
|9 305145
|
| 830 |
|
0 |
|a Otvor sa, rozprávka
|9 277897
|
| 852 |
|
|
|a Slovenská národná knižnica
|
| 919 |
|
|
|a 80-89147-26-7
|
| 958 |
|
|
|a GBN
|
| 958 |
|
|
|a LX
|
| 958 |
|
|
|a DB
|
| 958 |
|
|
|a UP
|
| 958 |
|
|
|a OND
|
| 999 |
|
|
|c 560673
|d 562603
|
| 952 |
|
|
|a SNK
|b SNK
|y PREZ
|7 0
|p 17A0457621
|o snkSC 118835
|i snk2005/1928
|8 0
|0 0
|1 0
|4 0
|d 2005-02-04
|f 1
|l 0
|r 2025-05-27 00:00:00
|w 2026-02-23
|
| 952 |
|
|
|a SNK
|b SNK
|y PREZ
|7 0
|p 17A0457620
|o snkSC 118835 D1
|i snk2005/1929
|8 0
|0 0
|1 0
|4 0
|d 2005-02-04
|l 0
|r 2026-02-23 13:40:40
|w 2026-02-23
|